Score 0/30 Timer 05:00
0 Plays Today
Q A % Correct
Starting from one what's the first number that has an 'A' in its spelling?1,000
83.8%
How many times around the equator will a person walk in an average lifetime?5
82.7%
On average, how many hours a day do cats sleep?16
79.8%
What is the most common last name in America?Smith
64.9%
Odontophobia is the fear of _____?Teeth
57.2%
In a deck of cards, which king does not have a moustache?King of hearts
47.8%
How many years did it take Leo Tolstoy to write,'War & Peace'?6
47.1%
What is the most common first name in the world?Mohammed
46.3%
How many years does a person spend on the phone in an average lifetime?2
44.8%
How many miles away can a lion's roar be heard?5
43.2%
What season do children grow fastest?Spring
43.2%
What tone do American car horns beep in?F
40.7%
How many weeks will a human wait, in an average lifetime, at a stop light?2
35%
What mammal is the only one that can't jump?Elephant
34.1%
What month is Black History Month?February
32.7%
Q A % Correct
The average human accidentally eats, how many spiders?8
31.8%
How far away can a human detect a skunk's smell?1 mile
23.1%
The sound of E.T. walking was made by hands squishing in ______?Jelly
21.3%
The highest point in Pennsylvania is lower than the lowest point in what state?Colorado
20.1%
What year was Diet Coke invented?1982
18.6%
Who was the first person to be named Time Magazine Man of the Year?Charles Lindbergh
16.6%
For a royal birth in Great Britain, a how many gun salute is traditional?41
10.3%
What was the job of Charlie Brown's father?Barber
8.8%
Who became Queen of Scotland when she was only six days old?Mary Stuart
7.1%
What was the first product to have a bar code?Wrigley's Gum
7.1%
What is the smallest bone in the human body?Stapes
6.5%
How many ridges does a dime have?118
4.3%
Paul Revere rode on a horse that belonged to whom?Deacon Larkin
3.5%
Every human spent how long as a single cell?30 Minutes
3.3%
How many ridges does a quarter have?119
3%
Remove Ads.
Support Sporcle.
Get the best of Sporcle when you Go Orange. This ad-free experience offers more features, more stats, and more fun while also helping to support Sporcle. Thank you for becoming a member.

You're not logged in!

Compare scores with friends on all Sporcle quizzes.
OR
Log In

Show Comments

Extras

Created Nov 7, 2010SourceReportNominate

Top Quizzes Today


Score Distribution

Your Account Isn't Verified!

In order to create a playlist on Sporcle, you need to verify the email address you used during registration. Go to your Sporcle Settings to finish the process.

Report this User

Report this user for behavior that violates our Community Guidelines.

Details: